000 01224nam0a22002531 4500
001 rc\728527
005 20250622111540.0
035 _a(NLR Aleph) 006259448
090 _a6832991
_c6832991
100 _a20040301d1985 |||y0rusy50 ca
101 0 _arus
102 _aRU
105 _aa |||||||||
200 1 _aОрганизация производства клееной пилопродукции
_fПластинин С.Н., Делков С.Г., Жуковский Г.М. и др.
210 _aМ.
_cВНИПИЭИ леспром
_d1985
215 _a29 с.
_cил.
_d21
225 1 _aМеханическая обработка древесины
_eОбзор. информ.
_fВсесоюз. н.-и. и проект. ин-т экономики, орг. упр. пр-вом и информ. по лесн., целлюлоз.-бум. и деревообрабатывающей пром-сти
_vВып. 8
300 _aВ надзаг. также: М-во лесн., целлюлоз.-бум. и деревообрабатывающей пром-сти СССР
320 _aБиблиогр.: с. 28
801 0 _aRU
_bNLR
_gpsbo
801 1 _aRU
_bELAR
_2rusmarc
852 _aNLR
_jП10/5587
942 _cBOOK
980 _aNB